Harrap's standard French and English dictionary

Gardado en:
Detalles Bibliográficos
Formato: Libro
Idioma:Undetermined
Publicado: London George G. Harrap 1934
Những chủ đề:
Các nhãn: Engadir etiqueta
Sen Etiquetas, Sexa o primeiro en etiquetar este rexistro!
Thư viện lưu trữ: Trung tâm Học liệu Trường Đại học Cần Thơ
LEADER 00474nam a2200157Ia 4500
001 CTU_26102
008 210402s9999 xx 000 0 und d
082 |a 443 
082 |b H296 
245 0 |a Harrap's standard French and English dictionary 
260 |a London 
260 |b George G. Harrap 
260 |c 1934 
650 |a english language - dictionaries,french language - dictionaries 
904 |i Minh, 981008 
980 |a Trung tâm Học liệu Trường Đại học Cần Thơ